| 000 | 00825nas a2200289 4500 | ||
|---|---|---|---|
| 001 | BR0401148 | ||
| 003 | BR-BrBNA | ||
| 005 | 20231205104351.0 | ||
| 007 | ta | ||
| 008 | 230509b bl.|||p| |||| 00| 00por d | ||
| 040 |
_aBR-BrBNA _bpor _cBiblioteca Nacional de Agricultura |
||
| 041 | _a(Pt) | ||
| 072 | _aF06; F60 | ||
| 100 | 1 | _aJadoski, S.O. | |
| 100 | 1 | _aCarlesso, R. | |
| 100 | 1 | _aMelo, G.L. | |
| 100 | 1 | _aRodrigues, M. | |
| 100 | 1 | _aFrizzo, Z. | |
| 245 | 1 | _aManejo da irrigação para maximização do rendimento de grãos do feijoeiro | |
| 650 | _aFEIJÃO | ||
| 650 | _aIRRIGAÇÃO | ||
| 650 | _aRENDIMENTO | ||
| 650 | _aEVAPOTRANSPIRAÇÃO | ||
| 773 | 0 |
_tIrriga (Brazil) _xISSN 1413-7895 _g(Jan-Apr 2003), v. 8(1) p. 1-9 _wBR0401148 |
|
| 909 |
_a202311 _bLúcia _c55 _dLúcia Elande |
||
| 942 |
_2AGRIS _n0 _cANA |
||
| 999 |
_c177784 _d177784 |
||